Normal view
MARC view
Entry Personal Name
001 - CONTROL NUMBER
- control field: 46277
003 - CONTROL NUMBER IDENTIFIER
- control field: dpl
005 - DATE AND TIME OF LATEST TRANSACTION
- control field: 20120503122926.0
008 - FIXED-LENGTH DATA ELEMENTS
- fixed length control field: 120503|||a|||||| | ||| d
040 ## - CATALOGING SOURCE
- Original cataloging agency: dpl
- Transcribing agency: dpl
100 ## - HEADING--PERSONAL NAME
- Personal name: Sharma, Arun
670 ## - SOURCE DATA FOUND
- Source citation: Work cat.: (dpl): Upadhyay, Meenakshi 16472, Comprehension interpersonal & communication skills for general studies :, 2012
670 ## - SOURCE DATA FOUND
- Source citation: Work cat.: (dpl): Upadhyay, Meenakshi 16472, Comprehension interpersonal & communication skills for general studies :, 2012
